| 000 | 00475cam a22001457a 4500 | ||
|---|---|---|---|
| 008 | 180718b1996 xxu||||| |||| 00| 0 eng d | ||
| 082 | _aAPPPA 95-96 SHA | ||
| 100 | _aSharma, A.K. | ||
| 245 |
_aFloods in Rajasthan a case study of 1995 floods in Alwar district _cby A.K. Sharma |
||
| 260 |
_aNew Delhi _bIndian Institute of Public Administration _c1996 |
||
| 300 | _a78p. | ||
| 650 | _aAPPPA | ||
| 650 | _aDisasters - Rajasthan - India | ||
| 650 | _aFloods - Alwar - Rajasthan | ||
| 999 |
_c481485 _d481485 |
||